Trần Quang Nghiệp - cuộc đời và tác phẩm : Nhà văn điển hình của văn học Nam Bộ đầu thế kỷ XX

Vài nét về tiểu sử của nhà văn Trần Quang Nghiệp. Giới thiệu các đoản thiên tiểu thuyết và trường thiên tiểu thuyết của ông

Bewaard in:
Bibliografische gegevens
Hoofdauteur: Trần, Quang Nghiệp
Formaat: Boek
Taal:Undetermined
Gepubliceerd in: Hà nội Văn học 2012
Onderwerpen:
Tags: Voeg label toe
Geen labels, Wees de eerste die dit record labelt!
Thư viện lưu trữ: Trung tâm Học liệu Trường Đại học Cần Thơ
LEADER 01020nam a2200229Ia 4500
001 CTU_181276
008 210402s9999 xx 000 0 und d
020 |c 142000 
082 |a 895.92233 
082 |b Ngh307 
100 |a Trần, Quang Nghiệp 
245 0 |a Trần Quang Nghiệp - cuộc đời và tác phẩm : 
245 0 |b Nhà văn điển hình của văn học Nam Bộ đầu thế kỷ XX 
245 0 |c S.t., b.s.: Cao Thị Xuân Mỹ, Phạm Thị Phương Linh ; Hoàng Như Mai giới thiệu 
260 |a Hà nội 
260 |b Văn học 
260 |c 2012 
520 |a Vài nét về tiểu sử của nhà văn Trần Quang Nghiệp. Giới thiệu các đoản thiên tiểu thuyết và trường thiên tiểu thuyết của ông 
650 |a Hoàng, Quang Nghiệp,Hoàng Quang Nghiệp 
650 |x Tiểu sử 
650 |y 1907-1983 
980 |a Trung tâm Học liệu Trường Đại học Cần Thơ